00928nam a22002537a 45000010005000000030006000050050017000110080041000280200015000690400029000840500015001130820011001281000022001392450098001612600037002593000042002965050008003385200199003465210029005455210020005746500022005946500018006167000040006347776FISKH20250808144313.0250805b cb ||||| |||| 00| 0 eng d a0590372033 aFISKHbengcFISKHdFISKH aPZ7.C458 D a813.54 aChristopher, Matt aThe dog that pitched a no-hitter /cBy Matt Christopher : Illustrated by Daniel Vasconcellos  aNew York : bScholastic ,c1988. a42 pages : billustrations ;c20 cm . aM  aMike's telepathic dog Harry is able to send him secret signals about the opposing players on the baseball field, but Mike's weak pitching arm requires them to find another plan to save the game.8 a530 bLexile estimate 8 aM bRaz-Plus  aBaseballvFiction aDogsvFiction aVasconcellos, Daniel eIllustrator